Disney children's encyclopedia : Transport

Bibliographic Details
Main Author: Morris,Neil
Format: Book
Published: Hong kong : Grolier international inc. , 1999

MARC

LEADER 00000cam a2200000 7i4500
001 0000082183
005 20190115.0
008 190115
020 |a 0717289540 
090 0 0 |a REF   |b CHI 
100 1 |a Morris,Neil 
245 1 0 |a Disney children's encyclopedia :   |b Transport   |c Neil Morris 
260 |a Hong kong :   |b Grolier international inc. ,   |c 1999 
999 |a 0000813002   |b Book   |c REFERENCE   |e Cawangan Pontian 
999 |a 0000813005   |b Book   |c REFERENCE   |e Cawangan Bandar Penawar